000 00885nas a2200265 4500
001 BR2013007073
003 BR-BrBNA
005 20231205122901.0
007 ta
008 230509b bl.|||p| |||| 00| 00por d
040 _aBR-BrBNA
_bpor
_cBiblioteca Nacional de Agricultura
041 _a(En)
072 _aH10
100 1 _aCarneiro, T.R.
100 1 _aFernandes, O.A.
100 1 _aCruz, I.
100 1 _aBueno, R.C.O.F.
245 1 _aFunctional response of Telenomus remus Nixon (Hymenoptera, Scelionidae)to Spodoptera frugiperda (J.E. Smith)(Lepidoptera, Noctuidae)eggs: effect of female age
650 _aCONTROLE BIOLÓGICO
650 _aLAGARTA
650 _aPOSTURA
773 0 _tRevista Brasileira de Entomologia (Brazil)
_xISSN 0085-5626
_g(Oct-Dec 2010), v. 54(4) p. 692-696
_wBR2013007073
909 _a202311
_bLúcia
_c55
_dLúcia Elande
942 _2AGRIS
_n0
_cANA
999 _c231079
_d231079